000 00399pab a2200157 454500
008 180718b2005 xxu||||| |||| 00| 0 eng d
100 _aChakraborty, Atanu
245 _aStatus of Gas in India's fuel basket
260 _c2005
300 _ap.1424-427.
362 _a2 Apr
650 _aPetroleum industry
650 _aGas resources
773 _aEconomic and Political Weekly
909 _a64730
999 _c64730
_d64730